LEADER 01052nam1 22002893i 450 001 SUN0052507 005 20160215015847.156 010 $d0.00 100 $a20060915g1989 |0engc50 ba 101 $aeng 102 $aGB 105 $a|||| ||||| 200 1 $a*Analysis at Urbana$eproceedings of the special year in modern analysis at the university of Illinois, 1986-1987$fedited by E. Berkson, T. Peck & J. Uhl 210 $aCambridge$cCambridge university$d1989 215 $a2 volumi$d23 cm. 463 \1$1001SUN0052508$12001 $a<<1: >>Analysis in function spaces 463 \1$1001SUN0052509$12001 $a<<2: >>Analysis in abstract spaces 620 $dCambridge$3SUNL000024 702 1$aUhl$b, J.$cJohn$3SUNV041384 702 1$aPeck$b, N. Tenney$3SUNV041386 702 1$aBerkson$b, Earl R.$3SUNV041387 712 $aCambridge university$3SUNV000097$4650 790 1$aBerkson, Earl$zBerkson, Earl R.$3SUNV041383 801 $aIT$bSOL$c20181109$gRICA 912 $aSUN0052507 996 $aAnalysis at Urbana$9910838 997 $aUNICAMPANIA LEADER 01502nas 2200517- 450 001 996321594803316 005 20190206083051.4 035 $a(DE-599)ZDB2929561-0 035 $a(OCoLC)867027231 035 $a(CKB)2670000000556111 035 $a(CONSER)--2013273666 035 $a(EXLCZ)992670000000556111 100 $a20140102a20149999 --- a 101 0 $aeng 135 $aur||||||||||| 181 $ctxt$2rdacontent 182 $cc$2rdamedia 183 $acr$2rdacarrier 200 00$aBioelectronic medicine 210 1$aManhasset, NY :$cFeinstein Institute for Medical Research,$d[2014]- 210 31$aLondon :$cBioMed Central Ltd 215 $a1 online resource 300 $aRefereed/Peer-reviewed 311 $a2332-8886 531 10$aBioelectron Med 531 0 $aBioelectron. med. 606 $aComputational Biology 606 $aBioengineering 606 $aTherapeutics$xmethods 606 $aBioengineering$vPeriodicals 606 $aBiochemistry$vPeriodicals 606 $aBioelectronics$vPeriodicals 608 $aPeriodical. 608 $aPeriodicals.$2fast 615 12$aComputational Biology. 615 22$aBioengineering. 615 22$aTherapeutics$xmethods. 615 0$aBioengineering 615 0$aBiochemistry 615 0$aBioelectronics 676 $a610 712 02$aFeinstein Institute for Medical Research, 906 $aJOURNAL 912 $a996321594803316 996 $aBioelectronic medicine$92090619 997 $aUNISA LEADER 01203nas 2200397- 450 001 996215327603316 005 20231213213019.0 035 $a(CKB)2670000000173788 035 $a(CONSER)--2014257096 035 $a(EXLCZ)992670000000173788 100 $a20101020b20102011 --- b 101 0 $afre 181 $ctxt$2rdacontent 182 $cc$2rdamedia 183 $acr$2rdacarrier 200 03$aLe journal spéciale'Z 210 1$aParis :$cÉcole spéciale d'architecture,$d[2010-2011?] 215 $a1 online resource 300 $aRefereed/Peer-reviewed 311 08$aPrint version: Le journal spéciale'Z. 2111-4765 (DLC) 2014257096 (OCoLC)821566462 531 0 $aJ. spéc.'Z 606 $aArchitecture$vPeriodicals 606 $aArchitecture$2fast$3(OCoLC)fst00813346 608 $aPeriodicals.$2aat 608 $aPeriodicals.$2fast 608 $aPeriodicals.$2lcgft 615 0$aArchitecture 615 7$aArchitecture 676 $a720.72 676 $a711.407 2 712 02$aEcole spéciale d'architecture (France) 906 $aJOURNAL 912 $a996215327603316 920 $aexl_impl conversion 996 $aLe journal spéciale'Z$92152384 997 $aUNISA